Emerging Bodies : (Record no. 69787)

MARC details
000 -LEADER
fixed length control field 06994nam a22009495i 4500
005 - DATE AND TIME OF LATEST TRANSACTION
control field 20230718140246.0
006 - FIXED-LENGTH DATA ELEMENTS--ADDITIONAL MATERIAL CHARACTERISTICS
fixed length control field m|||||o||d||||||||
007 - PHYSICAL DESCRIPTION FIXED FIELD--GENERAL INFORMATION
fixed length control field cr || ||||||||
008 - FIXED-LENGTH DATA ELEMENTS--GENERAL INFORMATION
fixed length control field 221201t20142011gw fo d z eng d
020 ## - INTERNATIONAL STANDARD BOOK NUMBER
International Standard Book Number 9783839415962
040 ## - CATALOGING SOURCE
Original cataloging agency DE-B1597
Language of cataloging eng
Transcribing agency DE-B1597
Description conventions rda
041 0# - LANGUAGE CODE
Language code of text/sound track or separate title eng
050 #4 - LIBRARY OF CONGRESS CALL NUMBER
Classification number GV1783 .K384 2014
082 04 - DEWEY DECIMAL CLASSIFICATION NUMBER
Classification number 792.62
245 00 - TITLE STATEMENT
Title Emerging Bodies :
Remainder of title The Performance of Worldmaking in Dance and Choreography /
Statement of responsibility, etc. ed. by Sandra Noeth, Gabriele Klein.
250 ## - EDITION STATEMENT
Edition statement 1. Aufl.
264 #1 - PRODUCTION, PUBLICATION, DISTRIBUTION, MANUFACTURE, AND COPYRIGHT NOTICE
Place of production, publication, distribution, manufacture Bielefeld :
Name of producer, publisher, distributor, manufacturer transcript Verlag,
Date of production, publication, distribution, manufacture, or copyright notice [2014]
264 #4 - PRODUCTION, PUBLICATION, DISTRIBUTION, MANUFACTURE, AND COPYRIGHT NOTICE
Date of production, publication, distribution, manufacture, or copyright notice ©2011
300 ## - PHYSICAL DESCRIPTION
Extent 1 online resource (264 p.)
336 ## - CONTENT TYPE
Content type term text
Content type code txt
Source rdacontent
337 ## - MEDIA TYPE
Media type term computer
Media type code c
Source rdamedia
338 ## - CARRIER TYPE
Carrier type term online resource
Carrier type code cr
Source rdacarrier
347 ## - DIGITAL FILE CHARACTERISTICS
File type text file
Encoding format PDF
Source rda
490 0# - SERIES STATEMENT
Series statement TanzScripte ;
Volume/sequential designation 21
505 00 - FORMATTED CONTENTS NOTE
Title Frontmatter --
-- Contents --
-- Introduction --
-- SOCIAL REALMS --
-- Dancing Politics: Worldmaking in Dance and Choreography --
-- Between Intervention and Utopia: Dance Politics --
-- Dance and Work: The Aesthetic and Political Potential of Dance --
-- The Collective That Isn't One --
-- HYBRID SPHERES --
-- Jérôme Bel and Myself: Gender and Intercultural Collaboration --
-- Transnationalism and Contemporary African Dance: Faustin Linyekula --
-- Flee(t)ing Dances! Initiatives for the Preservation and Communication of Intangible World Heritage in Museums --
-- The Bluff of Contemporary Dance --
-- ART WORLDS --
-- Transcription - Materiality - Signature. Dancing and Writing between Resistance and Excess --
-- Autobiography and the Coulisses: Narrator, Dancer, Spectator --
-- Dance Images. Dance Films as an Example of the Representation and Production of Movement --
-- Against the Beat. Music, Dance and the Image in Michelangelo Antonioni's Blow-Up --
-- DIGITAL WORLDS - PROCESSING BODIES --
-- Gesture Capture: Paradigms in Interactive Music/ Dance Systems --
-- Tables of Weights and Measures: Architecture and the Synchronous Objects Project --
-- Synchronous Objects, Choreographic Objects, and the Translation of Dancing Ideas --
-- WORKING PRINCIPLES --
-- Communicating, Distilling, Catalyzing. On the Creation of Dance Congress Worlds --
-- Situational Worlds. Complicity as a Model of Collaboration --
-- Protocols of Encounter: On Dance Dramaturgy --
-- Notes on Contributors --
-- Backmatter
506 0# - RESTRICTIONS ON ACCESS NOTE
Standardized terminology for access restriction unrestricted online access
Source of term star
520 ## - SUMMARY, ETC.
Summary, etc. The concept of »worldmaking« is based on the idea that 'the world' is not given, but rather produced through language, actions, ideas and perception. This collection of essays takes a closer look at various hybrid and disparate worlds related to dance and choreography. Coming from a broad range of different backgrounds and disciplines, the authors inquire into the ways of producing 'dance worlds': through artistic practice, discourse and media, choreographic form and dance material.The essays in this volume critically reflect the predominant topos of dance as something fleeting and ephemeral - an embodiment of the Other in modernity. Moreover, they demonstrate that there is more than just one universal »world of dance«, but rather a multitude of interrelated dance worlds with more emerging every day.
536 ## - FUNDING INFORMATION NOTE
Text of note funded by Knowledge Unlatched - KU Select 2016: Backlist Collection
538 ## - SYSTEM DETAILS NOTE
System details note Mode of access: Internet via World Wide Web.
540 ## - TERMS GOVERNING USE AND REPRODUCTION NOTE
Terms governing use and reproduction This eBook is made available Open Access under a CC BY-NC-ND 3.0 license:
Uniform Resource Identifier <a href="https://creativecommons.org/licenses/by-nc-nd/3.0 ">https://creativecommons.org/licenses/by-nc-nd/3.0 </a>
-- <a href="https://www.degruyter.com/dg/page/open-access-policy">https://www.degruyter.com/dg/page/open-access-policy</a>
546 ## - LANGUAGE NOTE
Language note In English.
588 0# - SOURCE OF DESCRIPTION NOTE
Source of description note Description based on online resource; title from PDF title page (publisher's Web site, viewed 01. Dez 2022)
650 #4 - SUBJECT ADDED ENTRY--TOPICAL TERM
Topical term or geographic name entry element Arts.
650 #4 - SUBJECT ADDED ENTRY--TOPICAL TERM
Topical term or geographic name entry element Body.
650 #4 - SUBJECT ADDED ENTRY--TOPICAL TERM
Topical term or geographic name entry element Choreography.
650 #4 - SUBJECT ADDED ENTRY--TOPICAL TERM
Topical term or geographic name entry element Cultural Theory.
650 #4 - SUBJECT ADDED ENTRY--TOPICAL TERM
Topical term or geographic name entry element Gender.
650 #4 - SUBJECT ADDED ENTRY--TOPICAL TERM
Topical term or geographic name entry element Imagination.
650 #4 - SUBJECT ADDED ENTRY--TOPICAL TERM
Topical term or geographic name entry element Interculturalitity.
650 #4 - SUBJECT ADDED ENTRY--TOPICAL TERM
Topical term or geographic name entry element Media.
650 #4 - SUBJECT ADDED ENTRY--TOPICAL TERM
Topical term or geographic name entry element Psychoanalysis.
650 #4 - SUBJECT ADDED ENTRY--TOPICAL TERM
Topical term or geographic name entry element Theatre Studies.
650 #7 - SUBJECT ADDED ENTRY--TOPICAL TERM
Topical term or geographic name entry element PERFORMING ARTS / Dance / General.
Source of heading or term bisacsh
653 ## - INDEX TERM--UNCONTROLLED
Uncontrolled term Arts.
653 ## - INDEX TERM--UNCONTROLLED
Uncontrolled term Body.
653 ## - INDEX TERM--UNCONTROLLED
Uncontrolled term Choreography.
653 ## - INDEX TERM--UNCONTROLLED
Uncontrolled term Cultural Theory.
653 ## - INDEX TERM--UNCONTROLLED
Uncontrolled term Gender.
653 ## - INDEX TERM--UNCONTROLLED
Uncontrolled term Imagination.
653 ## - INDEX TERM--UNCONTROLLED
Uncontrolled term Interculturalitity.
653 ## - INDEX TERM--UNCONTROLLED
Uncontrolled term Media.
653 ## - INDEX TERM--UNCONTROLLED
Uncontrolled term Psychoanalysis.
653 ## - INDEX TERM--UNCONTROLLED
Uncontrolled term Theatre Studies.
700 1# - ADDED ENTRY--PERSONAL NAME
Personal name Bevilacqua, Frédéric,
Relator term contributor.
Relator code ctb
-- https://id.loc.gov/vocabulary/relators/ctb
700 1# - ADDED ENTRY--PERSONAL NAME
Personal name Brandstetter, Gabriele,
Relator term contributor.
Relator code ctb
-- https://id.loc.gov/vocabulary/relators/ctb
700 1# - ADDED ENTRY--PERSONAL NAME
Personal name Diers, Michael,
Relator term contributor.
Relator code ctb
-- https://id.loc.gov/vocabulary/relators/ctb
700 1# - ADDED ENTRY--PERSONAL NAME
Personal name Fdili Alaoui, Sarah,
Relator term contributor.
Relator code ctb
-- https://id.loc.gov/vocabulary/relators/ctb
700 1# - ADDED ENTRY--PERSONAL NAME
Personal name Gehm, Sabine,
Relator term contributor.
Relator code ctb
-- https://id.loc.gov/vocabulary/relators/ctb
700 1# - ADDED ENTRY--PERSONAL NAME
Personal name Gintersdorfer, Monika,
Relator term contributor.
Relator code ctb
-- https://id.loc.gov/vocabulary/relators/ctb
700 1# - ADDED ENTRY--PERSONAL NAME
Personal name Hickethier, Knut,
Relator term contributor.
Relator code ctb
-- https://id.loc.gov/vocabulary/relators/ctb
700 1# - ADDED ENTRY--PERSONAL NAME
Personal name Klein, Gabriele,
Relator term contributor.
Relator code ctb
-- https://id.loc.gov/vocabulary/relators/ctb
700 1# - ADDED ENTRY--PERSONAL NAME
Personal name Klein, Gabriele,
Relator term editor.
Relator code edt
-- http://id.loc.gov/vocabulary/relators/edt
700 1# - ADDED ENTRY--PERSONAL NAME
Personal name Kunst, Bojana,
Relator term contributor.
Relator code ctb
-- https://id.loc.gov/vocabulary/relators/ctb
700 1# - ADDED ENTRY--PERSONAL NAME
Personal name Leigh Foster, Susan,
Relator term contributor.
Relator code ctb
-- https://id.loc.gov/vocabulary/relators/ctb
700 1# - ADDED ENTRY--PERSONAL NAME
Personal name Martin, Randy,
Relator term contributor.
Relator code ctb
-- https://id.loc.gov/vocabulary/relators/ctb
700 1# - ADDED ENTRY--PERSONAL NAME
Personal name Noeth, Sandra,
Relator term contributor.
Relator code ctb
-- https://id.loc.gov/vocabulary/relators/ctb
700 1# - ADDED ENTRY--PERSONAL NAME
Personal name Noeth, Sandra,
Relator term editor.
Relator code edt
-- http://id.loc.gov/vocabulary/relators/edt
700 1# - ADDED ENTRY--PERSONAL NAME
Personal name Rein, Anette,
Relator term contributor.
Relator code ctb
-- https://id.loc.gov/vocabulary/relators/ctb
700 1# - ADDED ENTRY--PERSONAL NAME
Personal name Schnell, Norbert,
Relator term contributor.
Relator code ctb
-- https://id.loc.gov/vocabulary/relators/ctb
700 1# - ADDED ENTRY--PERSONAL NAME
Personal name Sörgel, Sabine,
Relator term contributor.
Relator code ctb
-- https://id.loc.gov/vocabulary/relators/ctb
700 1# - ADDED ENTRY--PERSONAL NAME
Personal name Townsend, Julie,
Relator term contributor.
Relator code ctb
-- https://id.loc.gov/vocabulary/relators/ctb
700 1# - ADDED ENTRY--PERSONAL NAME
Personal name Turk, Stephen,
Relator term contributor.
Relator code ctb
-- https://id.loc.gov/vocabulary/relators/ctb
700 1# - ADDED ENTRY--PERSONAL NAME
Personal name Wilcke, Katharina Von,
Relator term contributor.
Relator code ctb
-- https://id.loc.gov/vocabulary/relators/ctb
700 1# - ADDED ENTRY--PERSONAL NAME
Personal name Ziemer, Gesa,
Relator term contributor.
Relator code ctb
-- https://id.loc.gov/vocabulary/relators/ctb
700 1# - ADDED ENTRY--PERSONAL NAME
Personal name Zuniga Shaw, Norah,
Relator term contributor.
Relator code ctb
-- https://id.loc.gov/vocabulary/relators/ctb
710 2# - ADDED ENTRY--CORPORATE NAME
Corporate name or jurisdiction name as entry element Knowledge Unlatched - KU Select 2016: Backlist Collection
Relator term funder.
Relator code fnd
-- http://id.loc.gov/vocabulary/relators/fnd
776 0# - ADDITIONAL PHYSICAL FORM ENTRY
Qualifying information print
International Standard Book Number 9783837615968
856 40 - ELECTRONIC LOCATION AND ACCESS
Uniform Resource Identifier <a href="https://doi.org/10.1515/transcript.9783839415962?locatt=mode:legacy">https://doi.org/10.1515/transcript.9783839415962?locatt=mode:legacy</a>
Public note Open Access
-- 0
856 40 - ELECTRONIC LOCATION AND ACCESS
Uniform Resource Identifier <a href="https://www.degruyter.com/isbn/9783839415962">https://www.degruyter.com/isbn/9783839415962</a>
Public note Open Access
-- 0
856 42 - ELECTRONIC LOCATION AND ACCESS
Materials specified Cover
Uniform Resource Identifier <a href="https://www.degruyter.com/document/cover/isbn/9783839415962/original">https://www.degruyter.com/document/cover/isbn/9783839415962/original</a>
942 ## - ADDED ENTRY ELEMENTS (KOHA)
Koha item type E-Book
Holdings
Withdrawn status Damaged status Not for loan Home library Current library Date acquired Total Checkouts Date last seen Price effective from Koha item type
      De Gruyter De Gruyter 12/29/2022   12/29/2022 12/29/2022 E-Book

University of Rizal System
Email us at univlibservices@urs.edu.ph

Visit our Website www.urs.edu.ph/library